000 00276nam a2200121Ia 4500
008 190216s9999||||xx |||||||||||||| ||und||
100 _aYogeswari Sashtri
245 0 _aHindi-Apoorna Purush
260 _bAnu Prakashan
_c2009
300 _a343
650 _aHindi
942 _cBK
999 _c16845
_d16845